[Event "Chigorin Mem Classic Open"]
[Site "St Petersburg RUS"]
[Date "2010.10.31"]
[Round "4"]
[White "Napalkov,V"]
[Black "Eliseev,Alexe"]
[Result "0-1"]
[WhiteElo "2144"]
[BlackElo "2398"]

1.d4 Nf6 2.c4 e6 3.Nc3 Bb4 4.f3 c5 5.d5 O-O 6.e4 b5 7.Bg5 h6 8.Bh4 exd5 9.cxd5 Re8
10.Ne2 Bb7 11.g4 d6 12.Bg2 Nbd7 13.O-O Qb6 14.Bf2 Ne5 15.Ng3 Qa5 16.Nce2 c4
17.a3 Bc5 18.Bxc5 dxc5 19.Nf4 Rad8 20.Qc2 Qb6 21.Rf2 a5 22.Bf1 a4 23.Kg2 Bc8
24.h3 g6 25.Rd1 Qd6 26.Qc1 Kg7 27.Be2 Kh7 28.Kh2 h5 29.Kg1 Rg8 30.Nf1 g5
31.Ng2 Rg7 32.Nge3 Ng6 33.Ng2 Ne5 34.Nge3 Ng8 35.Qd2 Ng6 36.Ng2 f6 37.Qa5 Rb7
38.Rd2 Re8 39.Bd1 Nh6 40.Be2 Nf7 41.Qc3 Kg7 42.Qe3 Nf4 43.Nxf4 gxf4 44.Qc3 Ng5
45.Rh2 Kf8 46.Bd1 Rh7 47.Rdg2 hxg4 48.hxg4 Nh3+ 49.Kh1 Ree7 50.Nd2 Qe5 51.Qxe5 fxe5
52.Nb1 Bd7 53.Nc3 Rh6 54.Rd2 Reh7 55.Kg2 Ng5 56.Rxh6 Rxh6 57.Rf2 Ke7 58.Rf1 Kd6
59.Rh1 Rxh1 60.Kxh1 b4 61.Nb1 Bb5 62.Kg2 c3 63.bxc3 Bd3 64.cxb4 Bxb1 65.bxc5+ Kxc5
66.Bxa4 Bd3 67.Kf2 Bc4 68.Bd1 Bb5 69.Bb3 Kd4 70.Bd1 Bd7 71.Bb3 Kc3 72.Bd1 Nf7
73.Ke1 Kd3 74.Kf2 Kc3 75.Ke1 Bb5 76.Kf2 Be8 77.Ke1 Nd6 78.a4 Kb4 79.Kf2 Nf7
80.Kg2 Bxa4 81.Bxa4 Kxa4 82.Kh3 Ng5+ 83.Kh4 Nxf3+ 84.Kh5 Kb5 85.g5 Nxg5 86.Kxg5 f3
87.Kf6 f2  0-1

[Event "14th OIBM"]
[Site "Bad Wiessee GER"]
[Date "2010.11.02"]
[Round "5.3"]
[White "Sandipan,C"]
[Black "Zude,A"]
[Result "1-0"]
[WhiteElo "2641"]
[BlackElo "2470"]

1.d4 Nf6 2.c4 e6 3.Nc3 Bb4 4.f3 d5 5.a3 Be7 6.e4 dxe4 7.fxe4 e5 8.d5 Bc5
9.Nf3 Bg4 10.h3 Bxf3 11.Qxf3 Nbd7 12.Bg5 a5 13.Bd3 O-O 14.O-O-O c6 15.Bc2 Qc7
16.Qd3 Ra7 17.Rhf1 Ne8 18.Na4 f6 19.dxc6 bxc6 20.Qxd7 Qxd7 21.Rxd7 Rxd7 22.Nxc5 Rdf7
23.Bd2 Nd6 24.Ba4 Rc8 25.Bxa5 f5 26.exf5 Nxf5 27.Ne4 Ra7 28.Rxf5 Rxa5 29.Bb3 Rb8
30.Ba2 g6 31.c5+ Kg7 32.Rf7+ Kh6 33.g4 g5 34.Be6 Ra4 35.Ng3  1-0

[Event "14th OIBM"]
[Site "Bad Wiessee GER"]
[Date "2010.11.07"]
[Round "9.3"]
[White "Sandipan,C"]
[Black "Zhigalko,A"]
[Result "1-0"]
[WhiteElo "2641"]
[BlackElo "2580"]

1.d4 Nf6 2.c4 e6 3.Nc3 Bb4 4.f3 d5 5.a3 Be7 6.e4 dxe4 7.fxe4 e5 8.d5 O-O
9.Nf3 c6 10.Bd3 cxd5 11.cxd5 Bg4 12.O-O Nbd7 13.Kh1 a6 14.h3 Bxf3 15.Qxf3 Ne8
16.Nd1 Bc5 17.Ne3 Nd6 18.Bd2 Rc8 19.Rac1 Qe7 20.Nf5 Nxf5 21.Qxf5 g6 22.Qg4 h5
23.Qd1 Bd6 24.Bh6 Rxc1 25.Qxc1 Rb8 26.Rf2 Qd8 27.Rc2 Nf6 28.Be3 Ne8 29.b4 Kg7
30.Bh6+ Kg8 31.Bd2 Bc7 32.Bg5 Qd7 33.b5 axb5 34.Bxb5 Qxb5 35.Rxc7 Nd6 36.Bf6 Re8
37.Be7 Nxe4 38.d6 Ng3+ 39.Kh2 Nf1+ 40.Kg1 Ng3 41.Qe1 Ne2+ 42.Kh2  1-0

[Event "Russia Cup Final KO"]
[Site "Belgorod RUS"]
[Date "2010.11.07"]
[Round "1.1"]
[White "Timofeev,Arty"]
[Black "Gutov,A"]
[Result "1-0"]
[WhiteElo "2681"]
[BlackElo "2439"]

1.d4 Nf6 2.c4 e6 3.Nc3 Bb4 4.f3 d5 5.a3 Bxc3+ 6.bxc3 c5 7.cxd5 Nxd5 8.dxc5 Qa5
9.e4 Nc7 10.Qd4 f6 11.Qb4 Nc6 12.Qxa5 Nxa5 13.Rb1 Bd7 14.Bd2 O-O-O 15.c4 Nc6
16.Ne2 e5 17.Nc3 a6 18.Nd5 Ne6 19.Be3 Ncd4 20.Kf2 Kb8 21.g3 Rhe8 22.h4 Ba4
23.Rb2 h6 24.Bxd4 Nxd4 25.Bh3 Bc6 26.Rhb1 Ka7 27.Ke3 Ne6 28.Bxe6 Rxe6 29.Rd2 Ree8
30.Rb3 Kb8 31.Rbd3 Re6 32.Rb2 a5 33.g4 Ree8 34.Rbd2 Re6 35.Nc3 Rxd3+ 36.Rxd3 Re8
37.Nb5 Rc8 38.Nd6 Rc7 39.Nf5 Kc8 40.h5 Ba4 41.Rd5 Bb3 42.Nd6+ Kb8 43.Kd2 Ba4
44.Nb5 Rc8 45.Kc3 Rc6 46.Kd2 Rc8 47.Rd7 Rxc5 48.Rxg7 Rxc4 49.Rxb7+ Ka8 50.Ra7+ Kb8
51.Rxa5 Bb3 52.Nc3 Rd4+ 53.Ke3 Bc4 54.Nd5 Rd3+ 55.Kf2 Rd2+ 56.Kg3 Be2 57.Rc5 Bf1
58.Ne3 Ba6 59.Rc6 Bb7 60.Rxf6 Rd3 61.Nc4  1-0

[Event "TCh-NOR Attack-serien 2010-11"]
[Site "Oslo NOR"]
[Date "2010.11.07"]
[Round "3"]
[White "Skrondal,I"]
[Black "Johannessen,LE"]
[Result "0-1"]
[WhiteElo "2270"]
[BlackElo "2514"]

1.d4 Nf6 2.c4 e6 3.Nc3 Bb4 4.f3 d5 5.a3 Bxc3+ 6.bxc3 O-O 7.cxd5 exd5 8.e3 Nh5
9.Qc2 Re8 10.Bd3 Qh4+ 11.Qf2 Nf4 12.Bf1 Qf6 13.g3 Ng6 14.Bd3 Bf5 15.Be2 c5
16.g4 Bd7 17.h4 Nc6 18.h5 Nf8 19.Rb1 Rac8 20.Nh3 Na5 21.Nf4 cxd4 22.cxd4 Rc2
23.Bd2 Nc4 24.Nxd5 Qd6 25.Bxc4 Rxc4 26.e4 Qxd5  0-1

[Event "16th Asian Games Rapid"]
[Site "Guangzhou CHN"]
[Date "2010.11.13"]
[Round "1"]
[White "Ganguly,S"]
[Black "Minhazuddin,A"]
[Result "1-0"]
[WhiteElo "2644"]
[BlackElo "2350"]

1.d4 Nf6 2.c4 e6 3.Nc3 Bb4 4.f3 d5 5.a3 Bxc3+ 6.bxc3 O-O 7.cxd5 exd5 8.e3 Nh5
9.Qc2 Nf6 10.Qd1 Nh5 11.Qc2 Qh4+ 12.Qf2 Qxf2+ 13.Kxf2 f5 14.Bd3 Be6 15.Rb1 b6
16.Ne2 Bc8 17.h3 Ba6 18.Bxa6 Nxa6 19.g4 fxg4 20.hxg4 Nf6 21.Nf4 c6 22.Nd3 Nc7
23.Ne5 Rfe8 24.Bd2 h6 25.Kg3 Re6 26.Rh2 Nb5 27.g5 hxg5 28.Rbh1 Kf8 29.Rh8+ Ng8
30.a4 Nd6 31.Bc1 Nc4 32.Nxc4 dxc4 33.e4 a5 34.Bxg5 b5 35.e5 c5 36.axb5 cxd4
37.cxd4 Rb6 38.Rb1 a4 39.d5 a3 40.d6 a2 41.Ra1 Rxb5 42.d7 Rd5 43.d8=Q+ Rdxd8
44.Bxd8 Rxd8 45.Rxa2 Kf7 46.Ra7+ Kg6 47.Rc7  1-0

[Event "16th Asian Games Rapid"]
[Site "Guangzhou CHN"]
[Date "2010.11.14"]
[Round "3"]
[White "Ganguly,S"]
[Black "Sadvakasov,D"]
[Result "1-0"]
[WhiteElo "2644"]
[BlackElo "2627"]

1.d4 Nf6 2.c4 e6 3.Nc3 Bb4 4.f3 d5 5.a3 Bxc3+ 6.bxc3 c5 7.cxd5 Nxd5 8.dxc5 Qa5
9.e4 Ne7 10.Be3 O-O 11.Qb3 Qc7 12.Bb5 Nbc6 13.Ne2 Na5 14.Ng1 Nac6 15.Ne2 Na5
16.Qb4 Nec6 17.Qa4 e5 18.O-O Be6 19.Rab1 Rfd8 20.Ng3 Rf8 21.Ne2 Rfd8 22.Ng3 f6
23.Rf2 Ne7 24.Rfb2 Rab8 25.Nf1 Bd7 26.Nd2 Bxb5 27.Rxb5 Nec6 28.Nb3 Nxb3 29.Qxb3+ Qf7
30.Qxf7+ Kxf7 31.Rxb7+ Kg8 32.R7b5 Kf7 33.Rb7+ Ke6 34.Kf2 Rxb7 35.Rxb7 Rd7
36.Rb1 Rd3 37.Rc1 Rd7 38.Rb1 Rd3 39.Rb7 Rd7 40.Rxd7 Kxd7 41.Ke2 a6 42.Kd3 g5
43.h4 h6 44.h5 Nd8 45.c6+ Kxc6 46.Kc4 Ne6 47.a4 Ng7 48.g4 Ne6 49.Bc1 Nc5
50.Ba3 Nd7 51.a5 Nb8 52.Bf8 Kd7 53.Kc5 Nc6 54.Kb6 Nd8 55.Bxh6  1-0

[Event "60th ch-RUS w"]
[Site "Moscow RUS"]
[Date "2010.11.17"]
[Round "2"]
[White "Paikidze,N"]
[Black "Kosintseva,T"]
[Result "1-0"]
[WhiteElo "2401"]
[BlackElo "2581"]

1.d4 Nf6 2.c4 e6 3.Nc3 Bb4 4.f3 c5 5.d5 O-O 6.e4 b5 7.e5 Ne8 8.cxb5 exd5
9.Qxd5 Nc7 10.Qd6 Re8 11.Bf4 a6 12.Kf2 Bxc3 13.bxc3 axb5 14.Nh3 Ne6 15.Bxb5 Qa5
16.Qd3 Nc6 17.Rhe1 Ba6 18.Bxa6 Rxa6 19.Bd2 Rb6 20.Kg1 Rb2 21.Bc1 Rb7 22.f4 Qa4
23.Re4 Qb5 24.Qg3 Nf8 25.f5 d5 26.Bh6 g6 27.Ree1 Ne7 28.Rf1 Qd7 29.e6 fxe6
30.fxe6 Nxe6 31.Rae1 Ng7 32.Bxg7 Kxg7 33.Qe5+ Kg8 34.Ng5  1-0

[Event "XXIII Belgrade Trophy"]
[Site "Obrenovac SRB"]
[Date "2010.11.29"]
[Round "6.74"]
[White "Mladenovic,A"]
[Black "Zarkovic,M"]
[Result "0-1"]
[WhiteElo "1798"]
[BlackElo "1975"]

1.d4 Nf6 2.c4 e6 3.Nc3 Bb4 4.f3 d5 5.a3 Bxc3+ 6.bxc3 O-O 7.cxd5 exd5 8.e3 Nh5
9.Qc2 Re8 10.Bd3 Qh4+ 11.Qf2 Qf6 12.Ne2 g6 13.O-O c5 14.e4 c4 15.Bc2 Nd7
16.e5 Qd8 17.f4 f5 18.exf6 Qxf6 19.Qf3 Qe6 20.Ng3 Nxg3 21.Qxg3 Qd6 22.Qg5 Nf6
23.f5 Ne4 24.Bxe4 dxe4 25.fxg6 Qxg6 26.Qd5+ Qe6 27.Qg5+ Qg6 28.Qxg6+ hxg6
29.Bf4 Be6 30.Be5 Rf8 31.Rab1 Bd5 32.Rb5 Rad8 33.Rc5 e3 34.Rxf8+ Rxf8 35.Bg3 Rf5
36.Rc7 e2 37.Bf2 Be4 38.Re7 Bd3 39.Rxb7 e1=Q+  0-1

[Event "TCh-SWE Elitserien 2010-11"]
[Site "Sweden SWE"]
[Date "2010.12.04"]
[Round "5"]
[White "Penalver,O"]
[Black "Kinnmark,O"]
[Result "1/2-1/2"]
[WhiteElo "2264"]
[BlackElo "2266"]

1.d4 Nf6 2.c4 e6 3.Nc3 Bb4 4.f3 d5 5.a3 Bxc3+ 6.bxc3 c5 7.cxd5 Nxd5 8.Qd3 O-O
9.e4 Nf6 10.Be3 Qa5 11.dxc5 Na6 12.Qc4 e5 13.Kf2 Bd7 14.Qb3 Rab8 15.Bc4 Ba4
16.Qb2 Nd7 17.Rb1 Naxc5 18.h4 Qc7 19.Qa2 b5 20.Be2 a5 21.h5 h6 22.g4 Rb6
23.g5 hxg5 24.Bxg5 Nf6 25.Rh4 Nh7 26.Be3 Qe7 27.Rh2 Rd8 28.Kg2 Rbb8 29.Nh3 Nd3
30.Kh1 Rbc8 31.Rg1 Kh8 32.Ng5 Nxg5 33.Bxg5 f6 34.Bd2 Nf4 35.Bf1 Rc7 36.c4 bxc4
37.Bxa5 c3 38.Bc4 c2 39.Bxc7 Qxc7 40.Rxc2 Bxc2 41.Qxc2 Rc8 42.Rc1 Qd7 43.Kg1 Qd4+
44.Kf1 Qd7 45.Kg1 Qa7+ 46.Kf1 Qxa3 47.Qc3 Qxc3 48.Rxc3 Nxh5 49.Rc2 g6 50.Bb3 Rxc2
51.Bxc2 Kg7 52.Kf2 Kh6 53.Bb3 Kg5 54.Bc4 Nf4 55.Kg3 f5 56.exf5 gxf5 57.Bb5 Nh5+
58.Kf2 Kf4 59.Be8 Nf6 60.Bc6 Nh7 61.Bb7 Nf8 62.Bc8 Ng6 63.Ba6 e4 64.fxe4 fxe4
65.Ke2 e3 66.Bb7 Ne7 67.Ba6 Nf5 68.Bb7 Nd4+ 69.Ke1 Kg3 70.Be4 Kf4 71.Bb7 Ke5
72.Bh1 Kd6 73.Be4 Kc5 74.Bh7 Kc4 75.Bg8+ Kc3 76.Bh7 Ne6 77.Ke2 Kd4 78.Ke1 Ng5
79.Bf5 Nf3+ 80.Ke2 Ng1+ 81.Ke1 Ke5 82.Bc8 Ke4 83.Bb7+ Kd4 84.Bc8 Nf3+ 85.Ke2 Ng1+
86.Ke1 e2 87.Bg4 Ke3 88.Bxe2  1/2-1/2

[Event "Australian Masters"]
[Site "Canterbury AUS"]
[Date "2010.12.08"]
[Round "5"]
[White "Gorka,C"]
[Black "Illingworth,M"]
[Result "0-1"]
[WhiteElo "2179"]
[BlackElo "2304"]

1.d4 Nf6 2.c4 e6 3.Nc3 Bb4 4.f3 O-O 5.e4 d5 6.e5 Nfd7 7.a3 Bxc3+ 8.bxc3 dxc4
9.Bxc4 Nxe5 10.Bb3 Ng6 11.Nh3 e5 12.Ng5 Nc6 13.d5 Na5 14.Ba2 b6 15.Qd3 Nb7
16.h4 Nc5 17.Qc2 Ba6 18.c4 f5 19.Be3 Bc8 20.O-O-O Qd6 21.h5 Ne7 22.h6 gxh6
23.Ne6 Nxe6 24.Bxh6 Ng7 25.c5 bxc5 26.Be3 c4 27.Bxc4 Rb8 28.Qd3 e4 29.Qc3 f4
30.Bd4 Nef5 31.Be5 Qb6 32.d6+ Be6 33.dxc7 Rbe8 34.Bxg7 Nxg7 35.Rd4 exf3 36.gxf3 Qxc7
37.Bxe6+ Nxe6 38.Rg1+ Kf7 39.Rc4 Qxc4  0-1

[Event "TCh-NED"]
[Site "Netherlands NED"]
[Date "2010.12.11"]
[Round "4.3"]
[White "De Jong,JW"]
[Black "Van der Stricht,G"]
[Result "1/2-1/2"]
[WhiteElo "2444"]
[BlackElo "2392"]

1.d4 Nf6 2.c4 e6 3.Nc3 Bb4 4.f3 O-O 5.e4 d5 6.cxd5 exd5 7.e5 Nfd7 8.f4 c5
9.a3 Ba5 10.Be3 cxd4 11.Bxd4 Nc6 12.Nf3 Bxc3+ 13.Bxc3 Nc5 14.Be2 Bf5 15.Nd4 Nxd4
16.Bxd4 Ne6 17.O-O Qd7 18.Rc1  1/2-1/2

[Event "Australian Masters"]
[Site "Canterbury AUS"]
[Date "2010.12.12"]
[Round "9"]
[White "Steadman,M"]
[Black "Morris,J"]
[Result "0-1"]
[WhiteElo "2285"]
[BlackElo "2240"]

1.d4 Nf6 2.c4 e6 3.Nc3 Bb4 4.f3 Bxc3+ 5.bxc3 b6 6.e4 d6 7.Bd3 Bb7 8.Ne2 Nbd7
9.Bg5 h6 10.Be3 Qe7 11.a4 a5 12.Qc2 e5 13.O-O O-O-O 14.Rae1 g5 15.Ng3 Rdg8
16.Nf5 Qf8 17.Rb1 Nh5 18.Rf2 Ng7 19.Nxg7 Rxg7 20.c5 dxc5 21.Bb5 f5 22.exf5 g4
23.fxg4 Rxg4 24.Bxd7+ Kxd7 25.Qb3 Qg8 26.Qxg8 Rhxg8 27.g3 cxd4 28.cxd4 exd4
29.Bxh6 Rh8 30.Bf4 Be4 31.Rd1 Bxf5 32.Rxd4+ Kc8 33.Re2 Rh7 34.Kg2 Kb7 35.Re5 Bd7
36.Rg5 Bc6+ 37.Kg1 Rxg5 38.Bxg5 Rd7 39.Rf4 Rd1+ 40.Rf1 Bxa4 41.Rxd1 Bxd1
42.Kf2 c5 43.Ke3 b5 44.Bf6 b4 45.h3 a4 46.g4 a3 47.Kd2 Ba4  0-1

[Event "17th Open A"]
[Site "Zadar CRO"]
[Date "2010.12.13"]
[Round "3.18"]
[White "Sutkovic,D"]
[Black "Bodiroga,P"]
[Result "0-1"]
[WhiteElo "2356"]
[BlackElo "2399"]

1.d4 Nf6 2.c4 e6 3.Nc3 Bb4 4.f3 d5 5.Qa4+ Nc6 6.a3 Be7 7.e3 O-O 8.f4 Bd7
9.Qc2 Ne4 10.Nxe4 dxe4 11.Qxe4 Bh4+ 12.g3 Na5 13.Bg2 Bc6 14.Qc2 Bxg2 15.Qxg2 Bf6
16.Nf3 c5 17.b4 cxb4 18.axb4 Nxc4 19.O-O Qb6 20.Bd2 Rfc8 21.Rfb1 Be7 22.Ne1 Qb5
23.Qe2 b6 24.Nd3 Nd6 25.Rc1 Ne4 26.Be1 a6 27.Rxc8+ Rxc8 28.Rc1 Rxc1 29.Nxc1 Qa4
30.Qd3 Qc6 31.Nb3 f5 32.Qe2 h6 33.h3 Kh7 34.Kh2 Qa4 35.Qc4 Qa2+ 36.Kg1 Qb1
37.Nc1 Nd6 38.Qc7 Bf8 39.Kf1 Qe4 40.Bf2 a5 41.bxa5 bxa5 42.Kg1 a4 43.Ne2 a3
44.Nc3 Qc2  0-1

[Event "17th Open A"]
[Site "Zadar CRO"]
[Date "2010.12.15"]
[Round "5.3"]
[White "Berkes,F"]
[Black "Papp,Ga"]
[Result "1-0"]
[WhiteElo "2680"]
[BlackElo "2526"]

1.d4 Nf6 2.c4 e6 3.Nc3 Bb4 4.f3 d5 5.a3 Be7 6.e4 dxe4 7.fxe4 e5 8.d5 Bc5
9.Nf3 Bg4 10.h3 Bxf3 11.Qxf3 c6 12.Bg5 Nbd7 13.O-O-O h6 14.Bd2 Qc7 15.Kb1 Bd4
16.Ne2 c5 17.g4 O-O-O 18.Rc1 Rdf8 19.h4 Ne8 20.g5 hxg5 21.hxg5 Rxh1 22.Qxh1 f6
23.Bh3 Kb8 24.gxf6 gxf6 25.Qf3 Nd6 26.Nxd4 exd4 27.Bxd7 Qxd7 28.e5 Qh7+ 29.Ka2 Qe4
30.Qf1 Nf5 31.e6 Ne3 32.Qh3 Rd8 33.Qg3+ Kc8 34.Qg7 Qe5 35.Qf7 Nf5 36.Re1 Nd6
37.Rxe5 Nxf7 38.exf7 fxe5 39.Bh6 e4 40.Kb1 Kd7 41.f8=Q Rxf8 42.Bxf8 b6 43.Kc2 a5
44.a4  1-0

[Event "7th UTD GM"]
[Site "Richardson USA"]
[Date "2010.12.18"]
[Round "5"]
[White "Hughes,T"]
[Black "Panchanathan,M"]
[Result "1/2-1/2"]
[WhiteElo "2267"]
[BlackElo "2546"]

1.d4 Nf6 2.c4 e6 3.Nc3 Bb4 4.f3 d5 5.a3 Bxc3+ 6.bxc3 c5 7.cxd5 Nxd5 8.dxc5 Qa5
9.e4 Ne7 10.Be3 O-O 11.Qb3 Qc7 12.Rd1 Nec6 13.Bb5 Na5 14.Qb4 Nbc6 15.Qa4 e5
16.Rd6 Be6 17.Rxe6 fxe6 18.Nh3 h6 19.O-O Rad8 20.Nf2 Ne7 21.Be2 Ng6 22.g3 Rf7
23.Kg2 Kh8 24.Rb1 Nc6 25.Nd3 Nf8 26.Nf2 Rfd7 27.Bc4 Na5 28.Be2 Rd2 29.Bxd2 Rxd2
30.Kf1 Qxc5 31.Qb4 Nd7 32.Rd1 Rxd1+ 33.Nxd1 a6 34.Nf2 Qc7 35.Qe7 Nc4 36.Bxc4 Qxc4+
37.Kg2 Nc5 38.h4 Kh7  1/2-1/2

[Event "7th UTD GM"]
[Site "Richardson USA"]
[Date "2010.12.20"]
[Round "7"]
[White "Hughes,T"]
[Black "Yang,Dar"]
[Result "0-1"]
[WhiteElo "2267"]
[BlackElo "2417"]

1.d4 Nf6 2.c4 e6 3.Nc3 Bb4 4.f3 d5 5.a3 Bxc3+ 6.bxc3 c5 7.cxd5 Nxd5 8.dxc5 Qa5
9.e4 Ne7 10.Be3 O-O 11.Qb3 Qc7 12.Bb5 Nec6 13.Rd1 Na5 14.Qa4 e5 15.Ne2 Be6
16.Rd5 a6 17.Bd3 Nd7 18.Qb4 Rac8 19.O-O g6 20.Rxd7 Qxd7 21.Rd1 Nc6 22.Qb1 Qe7
23.g3 Rfd8 24.f4 Bg4 25.Rf1 Rd7 26.Nc1 Rcd8 27.Bc2 exf4 28.gxf4 Bh3 29.Re1 Qh4
30.Ne2 Qg4+ 31.Ng3 h5  0-1

[Event "48th ch-IND"]
[Site "New Delhi IND"]
[Date "2010.12.21"]
[Round "12"]
[White "Sengupta,D"]
[Black "Stany,G"]
[Result "1/2-1/2"]
[WhiteElo "2558"]
[BlackElo "2329"]

1.d4 Nf6 2.c4 e6 3.Nc3 Bb4 4.f3 c5 5.d5 Nh5 6.Nh3 Qh4+ 7.Nf2 Qxc4 8.e4 Bxc3+
9.bxc3 Qxc3+ 10.Bd2 Qd4 11.Qc1 exd5 12.Bc3 Qa4 13.Qg5 O-O 14.Qxd5 Qa3 15.Nd1 Nf4
16.Qd2 Ne6 17.h4 Nc6 18.Rh3 Ncd4 19.Rg3 f5 20.exf5 Nxf5 21.Rg4 Ned4 22.Bc4+ Kh8
23.Kf2 Qa4 24.Bd3 d5 25.Rc1 b6 26.Rf4 Ba6 27.Nb2 Qxa2 28.Bxf5 Nxf5 29.Ra4 Qb3
30.Bxg7+ Nxg7 31.Rxa6 Qb5 32.Rca1 Qd7 33.Na4 Rad8 34.Nc3 Qg4 35.Rxa7 d4 36.Kg1 Rxf3
37.Qe2 Rg3 38.Ra8 Rg8 39.Rxg8+ Kxg8 40.Qf2 Rxg2+ 41.Qxg2 Qxg2+ 42.Kxg2 dxc3
43.Rc1 Nf5 44.Rxc3 Nxh4+ 45.Kh3 Ng6 46.Rb3 Nf4+ 47.Kg4 Nd5 48.Kf5 Kf7 49.Rh3 Ke7
50.Rh6 Kd7 51.Ke5 Ne3 52.Rh3 Nc4+ 53.Kd5 Na5  1/2-1/2

[Event "Rilton Cup 2010-11"]
[Site "Stockholm SWE"]
[Date "2010.12.29"]
[Round "3"]
[White "Volkov,Sergey1"]
[Black "Urkedal,F"]
[Result "1-0"]
[WhiteElo "2594"]
[BlackElo "2438"]

1.d4 Nf6 2.c4 e6 3.Nc3 Bb4 4.f3 Nc6 5.e4 d5 6.cxd5 exd5 7.e5 Ng8 8.Be3 Nge7
9.f4 O-O 10.Nf3 Bg4 11.h3 Bxf3 12.Qxf3 Nf5 13.O-O-O Bxc3 14.bxc3 Nxe3 15.Qxe3 f5
16.g4 Ne7 17.Bd3 c5 18.dxc5 Qa5 19.Kb2 Rac8 20.Bxf5 Nxf5 21.gxf5 Qb5+ 22.Ka1 Qxc5
23.Qxc5 Rxc5 24.f6 gxf6 25.e6 f5 26.Rhg1+ Kh8 27.Rg5 Rxc3 28.Rxd5 Re3 29.Rd7 Rxe6
30.Rxb7 Rh6 31.Rg3 Rg8 32.Rc3 Rb6 33.Rxb6 axb6 34.Rb3 Rg6 35.a4 Kg7 36.Kb2 Rd6
37.Kc3 Kf6 38.Kc4 Ke6 39.h4 Kd7 40.h5 Kc6 41.Rb5 Re6 42.Rxf5 Re4+ 43.Kb3 Re3+
44.Kb2 Re4 45.Kb3 Re3+ 46.Kc2 Re4 47.h6 Rxa4 48.Rf7 Kd6 49.Rxh7 Ke6 50.Rh8 Kf7
51.Rb8 Kg6 52.Rxb6+ Kh7 53.Rf6 Ra3 54.Kd2 Rh3 55.Re6 Rf3 56.Rf6 Rh3 57.Rf8 Rxh6
58.Ke3 Kg7 59.Ra8 Rb6 60.Kf3 Kf7 61.Ra7+ Kf6 62.Kg4 Rb1 63.Ra6+ Kf7 64.Kg5 Rb5+
65.f5 Rb7 66.Rf6+ Kg7 67.Rg6+ Kf7 68.Rh6 Rb1 69.Rh7+ Kg8 70.Re7 Kf8 71.Kf6 Rh1
72.Re6 Rh6+ 73.Ke5 Rh1 74.Ra6 Rb1 75.Kf6 Kg8 76.Kg6 Rg1+ 77.Kf6 Rb1 78.Ra8+ Kh7
79.Re8 Rb5 80.Ke6 Rb6+ 81.Kf7 Ra6 82.f6 Rb6 83.Re7 Kh6 84.Ra7 Kg5 85.Ra5+ Kh6
86.Re5 Ra6 87.Re1 Kg5 88.Kg7  1-0

[Event "Berkeley Int Open"]
[Site "Berkeley USA"]
[Date "2011.01.04"]
[Round "5"]
[White "Gutman,J"]
[Black "Dixon,Dakota"]
[Result "1/2-1/2"]
[WhiteElo "2124"]
[BlackElo "2063"]

1.d4 Nf6 2.c4 e6 3.Nc3 Bb4 4.f3 d5 5.a3 Bxc3+ 6.bxc3 c6 7.e3 Nbd7 8.Bd3 O-O
9.Ne2 Re8 10.O-O e5 11.cxd5 cxd5 12.Ng3 Nb6 13.a4 Qc7 14.Qc2 Bd7 15.Bd2 Nc4
16.e4 Nxd2 17.Qxd2 Rac8 18.Rfc1 dxe4 19.fxe4 Qd6 20.d5 Ng4 21.Ra2 Rc7 22.h3 Nf6
23.Kh2 Rec8 24.Qb2 Qc5 25.Qd2 Qa5 26.c4 Qxd2 27.Rxd2 Rc5 28.Rb2 b6 29.Ra1 Ra5
30.Ne2 Ne8 31.Nc3 Nd6 32.Rb4 Nb7 33.Be2 Nc5 34.Kg3 Na6 35.Rbb1 Nc5 36.Rb4  1/2-1/2

[Event "118th ch-NZL 2011"]
[Site "Auckland NZL"]
[Date "2011.01.05"]
[Round "4.3"]
[White "Krstev,A"]
[Black "Dive,RJ"]
[Result "1-0"]
[WhiteElo "2094"]
[BlackElo "2375"]

1.d4 Nf6 2.c4 e6 3.Nc3 Bb4 4.f3 c5 5.a3 Bxc3+ 6.bxc3 d6 7.e4 e5 8.Bd3 Nc6
9.Ne2 Nh5 10.Be3 Qe7 11.d5 Nb8 12.g4 Nf6 13.Ng3 h5 14.g5 Ng8 15.h4 f6 16.Qa4+ Kd8
17.O-O-O Qf8 18.Rdf1 Ne7 19.gxf6 gxf6 20.f4 Nd7 21.f5 Nb6 22.Qd1 Bd7 23.Nxh5 Ba4
24.Qe2 Bb3 25.Kb2 Bxc4 26.Bxc4 Nxc4+ 27.Qxc4 Rxh5 28.Rfg1 Kc7 29.Kc2 Qh8
30.Bf2 Rg8 31.Qb5 Rxg1 32.Rxg1 Rh7 33.a4 Rg7 34.Bxc5 Rxg1 35.Qa5+ Kd7 36.Bxg1 Qxh4
37.Qb5+ Kd8 38.Qb4 Nc8 39.a5 Qe1 40.Bxa7 Nxa7 41.Qxd6+ Kc8 42.Qf8+ Kc7 43.Qf7+ Kc8
44.Qe6+ Kb8 45.Qd6+ Kc8 46.Qf8+ Kd7 47.Qf7+ Kc8 48.Qe8+ Kc7 49.d6+ Kxd6 50.Qd8+ Kc6
51.Qb6+ Kd7 52.Qxb7+ Kd6 53.Qb8+ Ke7 54.Qxa7+ Kf8 55.Qb8+ Kg7 56.Qb7+ Kh6
57.a6 Qe2+ 58.Kb3 Qd1+ 59.Kc4 Qa4+ 60.Kd5 Qa5+ 61.Ke6 Kg5 62.a7 Qa2+ 63.Ke7 Qa3+
64.Kf7 Qb3+ 65.Qxb3  1-0

[Event "118th ch-NZL 2011"]
[Site "Auckland NZL"]
[Date "2011.01.06"]
[Round "5.2"]
[White "Li,Luke"]
[Black "Mc Laren,L"]
[Result "0-1"]
[WhiteElo "1990"]
[BlackElo "2207"]

1.d4 Nf6 2.c4 e6 3.Nc3 Bb4 4.f3 d5 5.a3 Bxc3+ 6.bxc3 c5 7.cxd5 Nxd5 8.dxc5 Qa5
9.e4 Nf6 10.Be3 O-O 11.Qb3 Nfd7 12.a4 Qc7 13.Qa3 b6 14.a5 Bb7 15.a6 Bc8 16.Nh3 Nxc5
17.Bxc5 bxc5 18.Be2 Rd8 19.O-O Rd6 20.Rfd1 Rb6 21.Nf2 Bxa6 22.Qa4 Kf8 23.Nd3 Nd7
24.Nb4 cxb4 25.Rxd7 Qc5+ 26.Kf1 Bxe2+ 27.Kxe2 bxc3 28.Qd4 Rb2+ 29.Ke3 Qxd4+
30.Rxd4 Rxg2 31.Rc1 c2 32.h3 Rc8 33.Rd7 a5 34.Ra7 e5 35.Kd3 Rc5 36.Ra8+ Ke7
37.h4 f6 38.Ra7+ Kd6 39.Ra6+ Kc7 40.Ra8 Kb7 41.Rd8 a4 42.Rd7+ Kb6 43.Rd6+ Kb5
44.Rd8 Rf2 45.Ke3 Rh2 46.Rb8+ Kc6 47.Kd3 Rb5 48.Rc8+ Kd7 49.R8xc2 Rxc2 50.Rxc2 Rb3+
51.Kc4 Rxf3 52.Rg2 g6 53.h5 g5 54.Rb2 Rb3 55.Rd2+ Ke7 56.Re2 Rh3 57.Ra2 a3
58.Kd5 Rd3+ 59.Kc5 Kf7 60.Rh2 Kg7 61.Rf2 Rd4 62.Ra2 Kh6 63.Rf2 Kg7 64.Ra2 g4
65.Rxa3 Rxe4 66.Kd5 Rf4 67.Ke6 Kh6 68.Ra7 e4 69.Kf7 g3 70.Kg8 Rg4+ 71.Kh8 Kxh5
72.Ra5+ Rg5  0-1

[Event "36th Open"]
[Site "Seville ESP"]
[Date "2011.01.07"]
[Round "1"]
[White "Sirletti,S"]
[Black "Teske,H"]
[Result "0-1"]
[WhiteElo "1886"]
[BlackElo "2520"]

1.d4 Nf6 2.c4 e6 3.Nc3 Bb4 4.f3 c5 5.a3 Ba5 6.d5 b5 7.e4 bxc4 8.dxe6 fxe6
9.Qd6 Qb6 10.Qxb6 axb6 11.Bxc4 Nc6 12.Bd2 Ne5 13.b3 O-O 14.Nh3 Bb7 15.Ke2 d5
16.exd5 exd5 17.Bb5 d4 18.Na4 Bxd2 19.Kxd2 Ra5 20.Be2 Nd5 21.Rhc1 Rfa8 22.Nf2 Bc6
23.Bc4 Nxc4+ 24.bxc4 Rxa4 25.cxd5 Bxd5 26.Rab1 R8a6 27.Nd3 Rxa3 28.Ne5 h5
29.Ng6 Ra2+  0-1

[Event "36th Open"]
[Site "Seville ESP"]
[Date "2011.01.10"]
[Round "4"]
[White "Lalic,B"]
[Black "Melero Fidalgo,J"]
[Result "1-0"]
[WhiteElo "2491"]
[BlackElo "2227"]

1.d4 Nf6 2.c4 e6 3.Nc3 Bb4 4.f3 d5 5.a3 Bxc3+ 6.bxc3 c5 7.cxd5 Nxd5 8.dxc5 Qa5
9.e4 Ne7 10.Be3 O-O 11.Qb3 Qc7 12.Bb5 b6 13.cxb6 axb6 14.Ne2 e5 15.c4 Na6
16.Nc3 Nc5 17.Qc2 f5 18.O-O fxe4 19.fxe4 Rxf1+ 20.Rxf1 Be6 21.a4 Nc8 22.Qf2 Nd6
23.a5 Qc8 24.axb6 Ncb7 25.c5 Nxb5 26.Nxb5 Bc4 27.Na7 Rxa7 28.bxa7 Bxf1 29.Qa2+  1-0

[Event "10th Praha Open A"]
[Site "Prague CZE"]
[Date "2011.01.11"]
[Round "5"]
[White "Svoboda,V2"]
[Black "Smith,Bry"]
[Result "1/2-1/2"]
[WhiteElo "2269"]
[BlackElo "2458"]

1.d4 Nf6 2.c4 e6 3.Nc3 Bb4 4.f3 O-O 5.e4 d5 6.cxd5 exd5 7.e5 Nfd7 8.a3 Bxc3+
9.bxc3 f6 10.exf6 Qxf6 11.Bd3 Qh4+ 12.Kf1 c5 13.g3 Qh5 14.Kg2 cxd4 15.cxd4 Nf6
16.h3 Nc6 17.Ne2 Bd7 18.Bf4 Rae8 19.g4 Qf7 20.Rf1 Re6 21.Qd2 Rfe8 22.Rae1 Qe7
23.Qb2 Na5 24.Be5 Nc4 25.Bxc4 dxc4 26.Qxb7 Qxa3 27.Ra1 Qe3 28.Bxf6 Rxf6 29.Qxd7 Rf7  1/2-1/2

[Event "Australian Open"]
[Site "Cammeray AUS"]
[Date "2011.01.12"]
[Round "10.3"]
[White "Zulfic,F"]
[Black "Xie,G"]
[Result "0-1"]
[WhiteElo "2024"]
[BlackElo "2478"]

1.d4 e6 2.c4 Nf6 3.Nc3 Bb4 4.f3 d5 5.a3 Bxc3+ 6.bxc3 c5 7.cxd5 Nxd5 8.dxc5 f5
9.Nh3 O-O 10.c4 Qh4+ 11.g3 Qxc4 12.e4 Qc3+ 13.Bd2 Qe5 14.Bg2 fxe4 15.O-O Qd4+
16.Kh1 e3 17.Bb4 Nc6 18.f4 a5 19.Qa4 e2 20.Rfe1 Ra7  0-1

[Event "3rd Chennai Open"]
[Site "Chennai IND"]
[Date "2011.01.19"]
[Round "2"]
[White "Krishna,CRG"]
[Black "Minhazuddin,A"]
[Result "1/2-1/2"]
[WhiteElo "2296"]
[BlackElo "2419"]

1.d4 Nf6 2.c4 e6 3.Nc3 Bb4 4.f3 d5 5.a3 Bxc3+ 6.bxc3 O-O 7.e3 Nh5 8.Nh3 e5
9.f4 g6 10.dxe5 Bxh3 11.gxh3 Qh4+ 12.Ke2 dxc4 13.Bg2 Nc6 14.Rb1 Na5 15.Qa4 b6
16.Bxa8 Rxa8 17.Qd7 Rd8 18.Qg4 Qe7 19.Bb2 Rd3 20.Rhd1 Qd8 21.f5 Ng7 22.Qe4 Nxf5
23.Rxd3 cxd3+ 24.Qxd3 Qg5 25.Qe4 Nb3 26.c4 Nc5 27.Qf3 Qh4 28.Qg4 Qd8 29.Bd4 Ne6
30.Rd1 Qe8 31.Qe4 Qa4 32.Bb2 Qb3 33.Rd2 Nc5 34.Qf4 Ne6 35.Qe4 Nc5 36.Qf4 Ne6
37.Qe4 Nc5  1/2-1/2

[Event "68th ch-GEO w"]
[Site "Anaklia GEO"]
[Date "2011.01.22"]
[Round "12"]
[White "Paikidze,N"]
[Black "Arabidze,M"]
[Result "1/2-1/2"]
[WhiteElo "2455"]
[BlackElo "2315"]

1.d4 Nf6 2.c4 e6 3.Nc3 Bb4 4.f3 d5 5.a3 Bxc3+ 6.bxc3 c5 7.cxd5 Nxd5 8.dxc5 f5
9.Qc2 O-O 10.e4 fxe4 11.fxe4 Ne7 12.Be3 Ng6 13.Nf3 Nd7 14.Qd2 Qa5 15.Qd4 Nf6
16.Be2 Ng4 17.Bg5 h6 18.h3 Nf6 19.Bxf6 Rxf6 20.O-O Nf4 21.Bc4 b5 22.cxb6 Qh5
23.Ne5 axb6 24.Ng4 Rf8 25.Qxb6 Qg5 26.Qb5 Qh4 27.Rxf4 Rxf4 28.Qc6 Rb8 29.Qd6 Qg3
30.Bxe6+ Kh7 31.Nf6+ gxf6 32.Qc7+ Kh8 33.Qd8+ Kh7 34.Qc7+ Kh8 35.Qd8+ Kh7
36.Qc7+  1/2-1/2

[Event "TCh-BEL 2010-11"]
[Site "Loncin BEL"]
[Date "2011.01.23"]
[Round "7.3"]
[White "Winants,L"]
[Black "Lutz,Ch"]
[Result "1/2-1/2"]
[WhiteElo "2519"]
[BlackElo "2575"]

1.d4 Nf6 2.c4 e6 3.Nc3 Bb4 4.f3 d5 5.a3 Bxc3+ 6.bxc3 c5 7.cxd5 Nxd5 8.dxc5 f5
9.Qc2 O-O 10.e4 fxe4 11.fxe4 Qf6 12.Nf3 Qxc3+ 13.Qxc3 Nxc3 14.Bd3 Bd7 15.Be3 Bc6
16.Ng5 Nd7 17.Rc1 Na4 18.Nxe6 Rf6 19.Ng5 Ne5 20.Be2 Rd8 21.Rd1  1/2-1/2